[Event "Titled Tue 1st Jul Late"]
[Site "chess.com INT"]
[Date "2025.07.01"]
[Round "1"]
[White "Shymanskyi, Oleksandr"]
[Black "Bukreev, Stanislav"]
[Result "0-1"]
[WhiteTitle "FM"]
[BlackTitle "FM"]
[WhiteElo "2218"]
[BlackElo "2305"]
[WhiteFideId "14168880"]
[BlackFideId "34252347"]
[EventDate "2025.07.01"]

1. e4 e6 2. d4 d5 3. e5 c5 4. c3 Nc6 5. Nf3 Qb6 6. Bd3 cxd4 7. O-O Bd7 8. Nbd2
Nge7 9. Re1 Rc8 10. c4 Nb4 11. Bf1 d3 12. cxd5 Nexd5 13. Nb3 Nc2 14. Bxd3 Nxe1
15. Qxe1 Bb5 16. Be4 Bb4 17. Bd2 Bxd2 18. Qxd2 h6 19. Bxd5 exd5 20. Qxd5 O-O 21.
Nbd4 Bc6 22. Nxc6 Qxc6 23. Qd4 Rfd8 24. Qf4 Qc4 25. Qe3 Qd3 26. Qe1 Rc2 27. e6
fxe6 28. Qxe6+ Kh7 29. h4 Qg6 30. Qe5 Re8 31. Qd5 Rxb2 32. h5 Qe4 33. Qf7 Re7
34. Qf8 Rb1+ 35. Rxb1 Qxb1+ 36. Kh2 Qe4 37. g3 Qe6 38. Nh4 Rf7 39. Qc5 Qe2 40.
Kg2 Qe4+ 41. Kh2 b6 42. Qc1 Rxf2+ 43. Kh3 Qe6+ 44. g4 Qe4 45. Qg1 Qe3+ 46. Qg3
Qxg3+ 47. Kxg3 Rxa2 0-1

[Event "Titled Tue 1st Jul Late"]
[Site "chess.com INT"]
[Date "2025.07.01"]
[Round "1"]
[White "Bortnyk, Olexandr"]
[Black "Hua, Lefong"]
[Result "1-0"]
[WhiteTitle "GM"]
[BlackTitle "FM"]
[WhiteElo "2601"]
[BlackElo "2305"]
[WhiteFideId "14120828"]
[BlackFideId "2602253"]
[EventDate "2025.07.01"]

1. e4 c5 2. Nf3 g6 3. c3 Nc6 4. d4 d5 5. exd5 Qxd5 6. Na3 Bg4 7. Be2 cxd4 8. Nb5
O-O-O 9. Qa4 a6 10. Nbxd4 Nxd4 11. cxd4 Bh6 12. O-O Kb8 13. h3 Bd7 14. Qa3 Qd6
15. Qxd6+ exd6 16. Ng5 Bxg5 17. Bxg5 f6 18. Bf4 Bc6 19. Rfe1 g5 20. Bh2 Nh6 21.
Rac1 Bd5 22. Bd3 Rd7 23. Re7 Rhd8 24. Rxh7 Rxh7 25. Bxh7 Bxa2 26. Re1 Rd7 27.
Bd3 Bd5 28. Re8+ Ka7 29. Rf8 Nf7 30. f3 b5 31. b4 Kb7 32. Bg6 Kc6 33. Kf2 Nd8
34. Rxf6 Ne6 35. Be8 1-0

[Event "Titled Tue 1st Jul Late"]
[Site "chess.com INT"]
[Date "2025.07.01"]
[Round "1"]
[White "Titichoca Daza, Daniel"]
[Black "Christiansen, Johan-Sebastian"]
[Result "0-1"]
[WhiteTitle "CM"]
[BlackTitle "GM"]
[WhiteElo "2126"]
[BlackElo "2642"]
[WhiteFideId "3309550"]
[BlackFideId "1512668"]
[EventDate "2025.07.01"]

1. e4 e5 2. Nf3 Nc6 3. Bc4 Nf6 4. d3 d5 5. exd5 Nxd5 6. O-O Bg4 7. Re1 Qd6 8.
Nbd2 O-O-O 9. h3 Bh5 10. Ne4 Qd7 11. Ng3 Bxf3 12. Qxf3 Nd4 13. Qd1 Nb6 14. Bb3
f6 15. Be3 Kb8 16. c3 Nxb3 17. Qxb3 h5 18. d4 h4 19. Ne4 Qc6 20. dxe5 Nc4 21.
exf6 gxf6 22. Bd4 Rg8 23. Bxf6 Re8 24. Rad1 Bd6 25. f3 Bf4 26. Bxh4 Ne3 27. Rxe3
Bxe3+ 28. Kh1 a6 29. Qd5 Qg6 30. Bg3 Bf4 0-1

[Event "Titled Tue 1st Jul Late"]
[Site "chess.com INT"]
[Date "2025.07.01"]
[Round "1"]
[White "Loftgaard, Mikkel Vinh"]
[Black "Wieczorek, Zbigniew"]
[Result "1/2-1/2"]
[WhiteTitle "FM"]
[BlackTitle "FM"]
[WhiteElo "2243"]
[BlackElo "2105"]
[WhiteFideId "1468480"]
[BlackFideId "1102001"]
[EventDate "2025.07.01"]

1. e4 g6 2. d4 Bg7 3. Nc3 c6 4. h4 h5 5. Be3 d5 6. e5 Nh6 7. Qd2 Nf5 8. O-O-O e6
9. Bd3 Nxe3 10. Qxe3 Nd7 11. Nh3 Qxh4 12. Ng5 Qxg5 13. Qxg5 Bh6 14. Qxh6 Rxh6
15. g4 h4 16. g5 Rh5 17. f4 a6 18. Ne2 c5 19. dxc5 Nxc5 20. Rh3 Nxd3+ 21. cxd3
Bd7 22. Rdh1 Ke7 23. Rxh4 Rxh4 24. Rxh4 d4 25. Nxd4 Rd8 26. Kd2 Be8 27. Ke3 Rd5
28. Rh1 Rc5 29. a3 Rc7 30. Kd2 a5 31. Rc1 Rxc1 32. Kxc1 b5 33. Kd2 Kd8 34. Kc3
Kc7 35. b4 a4 36. Nc2 Bc6 37. Kd4 Kb6 38. Ne3 Bf3 39. Nf1 Kc6 40. Nd2 Bg2 41.
Nb1 Bf1 42. Nc3 Bg2 43. Ne4 Bxe4 44. dxe4 Kb6 45. f5 Kc6 46. Kd3 Kb6 47. Kc3 Kc6
48. Kd4 Kb6 49. Ke3 Kc6 50. Kf4 Kb6 51. Kg3 Kc6 52. Kh4 Kb6 53. Kh3 Kc6 54. Kg3
Kb6 55. Kf2 Kc6 56. Ke1 Kb6 57. Kd2 Kc6 58. Kc1 Kb6 59. Kb2 Kc6 60. Kc3 Kb6 61.
fxg6 fxg6 62. Kd4 Kc6 63. Ke3 Kb6 64. Kd2 Kc6 65. Kc3 Kb6 66. Kd4 Kc6 67. Ke3
Kb6 68. Kd3 Kc6 69. Kc3 Kb6 1/2-1/2

[Event "Titled Tue 1st Jul Late"]
[Site "chess.com INT"]
[Date "2025.07.01"]
[Round "1"]
[White "Jammalamadaka, Vihaan"]
[Black "Moro Saidon, Gonzalo"]
[Result "1-0"]
[WhiteTitle "CM"]
[WhiteElo "2018"]
[BlackElo "2114"]
[WhiteFideId "30977134"]
[BlackFideId "140082"]
[EventDate "2025.07.01"]

1. b3 Nf6 2. Bb2 d5 3. e3 g6 4. Nf3 Bg7 5. Be2 O-O 6. O-O c5 7. c4 d4 8. exd4
Nh5 9. d3 Nc6 10. Nbd2 Nf4 11. Rb1 cxd4 12. Re1 Nxe2+ 13. Qxe2 Bg4 14. h3 Bf5
15. Nh4 Be6 16. a3 a5 17. Ne4 b6 18. Ng5 Bc8 19. Qd2 e5 20. Ngf3 h6 21. g4 Qd6
22. Qe2 f5 23. Nd2 fxg4 24. hxg4 Rf4 25. f3 Qf6 26. Ng2 h5 27. Nxf4 Qxf4 28.
gxh5 Bh3 29. Ne4 gxh5 30. Qh2 Qxf3 31. Qg3 Qf5 32. Re2 Bg4 33. Rf2 Qg6 34. Rbf1
Bh6 35. Rf6 Be3+ 36. Qxe3 Qg7 37. Qg5 Kh8 38. Rh6+ Kg8 39. Rg6 Kh8 40. Rxg7 1-0

[Event "Titled Tue 1st Jul Late"]
[Site "chess.com INT"]
[Date "2025.07.01"]
[Round "1"]
[White "Sanal, Vahap"]
[Black "Becking, Stephan"]
[Result "0-1"]
[WhiteTitle "GM"]
[BlackTitle "IM"]
[WhiteElo "2564"]
[BlackElo "2410"]
[WhiteFideId "6300545"]
[BlackFideId "4632478"]
[EventDate "2025.07.01"]

1. Nf3 d5 2. b3 Nf6 3. Bb2 c6 4. g3 Bg4 5. Bg2 Nbd7 6. O-O e6 7. d3 Bd6 8. Nbd2
Qe7 9. a3 O-O 10. h3 Bxf3 11. Bxf3 e5 12. e4 dxe4 13. dxe4 Rad8 14. Qe2 Nc5 15.
Nc4 Bb8 16. Rfd1 g6 17. Bg2 Nfd7 18. Rd2 Nb6 19. Rad1 Nxc4 20. Qxc4 Rxd2 21.
Rxd2 Ne6 22. h4 Rd8 23. Rd3 Rxd3 24. Qxd3 Qd8 25. Qxd8+ Nxd8 26. Bh3 f6 27. Bc8
Kf7 28. b4 b6 29. c4 Ne6 30. Bd7 c5 31. Bxe6+ Kxe6 32. b5 f5 33. f3 fxe4 34.
fxe4 h5 35. Bc1 Bc7 36. a4 Bb8 37. Kg2 Bc7 38. Kf3 Bb8 39. Ke2 Bc7 40. Be3 Bd6
41. Kd3 Be7 42. Kc2 Bd6 43. Kb3 Be7 44. a5 Bd6 45. Ka4 Be7 46. Bd2 Bd6 47. Bg5
Kd7 48. Bf6 Bc7 49. Kb3 Ke6 50. Bg5 Kd7 51. Kc2 Ke6 52. Kd3 Kd7 53. Ke2 Ke6 54.
Kf3 Kd7 55. g4 Ke6 56. Be3 Bd6 57. Bg5 Bc7 58. gxh5 gxh5 59. Ke2 Kd7 60. Be3 Bd6
61. Kd3 Ke6 62. Kc2 Kd7 63. Kb3 Be7 64. Ka4 Bxh4 65. a6 Kd6 66. Bh6 Bg3 67. Bf8+
Kc7 68. Be7 h4 69. Bxh4 Bxh4 70. Kb3 Kd6 71. Kc2 Ke6 72. Kd3 Kf6 0-1

[Event "Titled Tue 1st Jul Late"]
[Site "chess.com INT"]
[Date "2025.07.01"]
[Round "1"]
[White "Korchynskyi, Mykola"]
[Black "Kodihalli, Kaustubh"]
[Result "1-0"]
[WhiteTitle "FM"]
[WhiteElo "2335"]
[BlackElo "2038"]
[WhiteFideId "34138005"]
[BlackFideId "30956455"]
[EventDate "2025.07.01"]

1. d4 Nf6 2. c4 e6 3. Nc3 d5 4. Nf3 c6 5. Bf4 dxc4 6. a4 Bb4 7. e3 Nd5 8. Rc1
Nxf4 9. exf4 b5 10. Be2 O-O 11. O-O a6 12. Ne5 Bb7 13. Bf3 Qb6 14. Ne4 f6 15.
Ng4 f5 16. Ng5 fxg4 17. Be4 Rxf4 18. Bxh7+ Kh8 19. Nxe6 Rf6 20. Qxg4 Rxe6 21.
Qxe6 Kxh7 22. Rfe1 Bxe1 23. Rxe1 Nd7 24. Re3 Bc8 25. Rh3# 1-0

[Event "Titled Tue 1st Jul Late"]
[Site "chess.com INT"]
[Date "2025.07.01"]
[Round "1"]
[White "Zepeda Berlanga, Jan Enrique"]
[Black "Puzyrevsky, Semyon"]
[Result "0-1"]
[WhiteTitle "CM"]
[BlackTitle "FM"]
[WhiteElo "1984"]
[BlackElo "2292"]
[WhiteFideId "5132355"]
[BlackFideId "24240931"]
[EventDate "2025.07.01"]

1. e4 c5 2. Nf3 d6 3. d4 cxd4 4. Nxd4 Nf6 5. Nc3 Nc6 6. Bg5 e6 7. Qd2 a6 8.
O-O-O Bd7 9. f4 h6 10. Bh4 Nxe4 11. Nxe4 Qxh4 12. Nf3 Qh5 13. Nxd6+ Bxd6 14.
Qxd6 O-O-O 15. Be2 Qa5 16. Kb1 Be8 17. Qa3 Rxd1+ 18. Rxd1 Qxa3 19. bxa3 f6 20.
Bc4 Nd8 21. Nd4 Bd7 22. Kb2 Re8 23. Nf3 Bc6 24. Be2 Nf7 25. c4 g5 26. g3 e5 27.
fxe5 Nxe5 28. Nd4 Be4 29. Kc3 Nc6 30. Bg4+ Kb8 31. Bd7 Re5 32. Bxc6 bxc6 33. Nb3
Kc7 34. Rf1 f5 35. Kd4 Kd6 36. Re1 c5+ 37. Kc3 f4 38. gxf4 gxf4 39. Nd2 Bc6 40.
Rf1 f3 41. Kd3 Rf5 42. Ne4+ Kc7 43. Ng3 Rf8 44. Rf2 Kb6 45. Rb2+ Ka5 46. Rf2 Ka4
47. Ne4 Bxe4+ 48. Kxe4 Kxa3 49. Kd5 Kb4 50. Rb2+ Kc3 51. Rf2 Kd3 52. Kxc5 Ke3
53. Rb2 f2 54. Kd6 f1=Q 55. c5 Qd3+ 0-1

[Event "Titled Tue 1st Jul Late"]
[Site "chess.com INT"]
[Date "2025.07.01"]
[Round "1"]
[White "Zhukovskyi, Oleksandr"]
[Black "Sobek, Jaroslav"]
[Result "1-0"]
[WhiteTitle "CM"]
[BlackTitle "FM"]
[WhiteElo "2145"]
[BlackElo "2195"]
[WhiteFideId "14169371"]
[BlackFideId "301388"]
[EventDate "2025.07.01"]

1. e4 c5 2. Nf3 a6 3. c4 Nc6 4. d4 cxd4 5. Nxd4 e5 6. Nf5 d5 7. cxd5 Bxf5 8.
exf5 Nd4 9. Nc3 Nf6 10. Bd3 Be7 11. O-O Nxd5 12. Be4 Nxc3 13. bxc3 Nc6 14. Qb3
Na5 15. Qb1 Qc7 16. Be3 b5 17. a4 Rb8 18. axb5 axb5 19. Qa2 Nc4 20. Ba7 Rc8 21.
Qa6 O-O 22. Bb6 Nxb6 23. Qxb5 Rb8 24. Qe2 Nc4 25. Rfd1 Rfd8 26. Bd5 Nb6 27. Be4
Bc5 28. f6 g6 29. Qg4 1-0

[Event "Titled Tue 1st Jul Late"]
[Site "chess.com INT"]
[Date "2025.07.01"]
[Round "1"]
[White "Jimenez Salas, Maria Teresa"]
[Black "Sadykov, Ramil"]
[Result "0-1"]
[WhiteTitle "WIM"]
[BlackTitle "FM"]
[WhiteElo "2170"]
[BlackElo "2264"]
[WhiteFideId "3843866"]
[BlackFideId "24113590"]
[EventDate "2025.07.01"]

1. e4 c5 2. Nf3 d6 3. d4 cxd4 4. Nxd4 Nf6 5. f3 e5 6. Nb3 a5 7. Bb5+ Bd7 8. a4
Bxb5 9. axb5 Nbd7 10. Nc3 Be7 11. Be3 O-O 12. O-O Qc7 13. Qd2 Rfc8 14. Rfd1 a4
15. Nc1 a3 16. N1e2 axb2 17. Rxa8 Rxa8 18. Rb1 Nb6 19. Bxb6 Qxb6+ 20. Kf1 Qc5
21. Rxb2 Bd8 22. Nd5 Nxd5 23. exd5 Ra1+ 24. Nc1 Ba5 25. Qd1 Qe3 26. Rb3 Rxc1 27.
Rxe3 Rxd1+ 28. Kf2 Bb6 29. Ke2 Bxe3 30. Kxd1 f5 31. Ke2 Bg1 32. h3 Kf7 33. g4
Kf6 34. Kf1 Bc5 35. Kg2 Kg5 36. Kg3 f4+ 37. Kg2 Kh4 38. Kh2 b6 39. Kg2 Bd4 40.
Kh2 Bf2 41. Kg2 Bg3 42. c3 Be1 43. c4 Bb4 44. Kh2 Bc5 45. Kg2 g6 46. Kh2 h5 47.
Kg2 hxg4 48. hxg4 e4 49. fxe4 Kxg4 50. e5 dxe5 51. Kf1 f3 52. Ke1 Kf4 53. Kf1 g5
54. Ke1 g4 55. d6 Bxd6 56. c5 Bxc5 57. Kf1 g3 0-1

[Event "Titled Tue 1st Jul Late"]
[Site "chess.com INT"]
[Date "2025.07.01"]
[Round "1"]
[White "Sochacki, Christophe"]
[Black "Vihaan Karthikeya N"]
[Result "1-0"]
[WhiteTitle "GM"]
[WhiteElo "2449"]
[BlackElo "2179"]
[WhiteFideId "662569"]
[BlackFideId "25950673"]
[EventDate "2025.07.01"]

1. e4 c6 2. Nc3 d5 3. Nf3 Bg4 4. h3 Bh5 5. g4 Bg6 6. exd5 cxd5 7. Bb5+ Nc6 8.
Ne5 Qd6 9. d4 e6 10. Bf4 Be4 11. f3 Rc8 12. fxe4 dxe4 13. Ng6 Qb4 14. Nxh8 Qxb2
15. Bxc6+ Rxc6 16. Nxe4 Bb4+ 17. Kf2 Rxc2+ 18. Kf3 f5 19. gxf5 exf5 20. Nd2 Bxd2
21. Bxd2 Rxd2 22. Qe1+ Ne7 23. Rd1 Qa3+ 24. Qe3 Rxa2 25. Rhe1 g6 26. d5 Kd7 27.
Nf7 Qxe3+ 28. Rxe3 Ra6 29. d6 Nc6 30. Rb3 1-0

[Event "Titled Tue 1st Jul Late"]
[Site "chess.com INT"]
[Date "2025.07.01"]
[Round "1"]
[White "Bluebaum, Matthias"]
[Black "Stankovic, Boris"]
[Result "1-0"]
[WhiteTitle "GM"]
[BlackTitle "FM"]
[WhiteElo "2663"]
[BlackElo "2298"]
[WhiteFideId "24651516"]
[BlackFideId "985317"]
[EventDate "2025.07.01"]

1. d4 Nf6 2. c4 g6 3. Nc3 Bg7 4. e4 d6 5. Be2 O-O 6. Nf3 e5 7. Be3 exd4 8. Nxd4
Re8 9. f3 Nc6 10. Qd2 Nh5 11. Nc2 a6 12. O-O Be5 13. Rae1 Bd7 14. f4 Bxc3 15.
Qxc3 Nf6 16. e5 Ng4 17. Bxg4 Bxg4 18. Nd4 Nxd4 19. Bxd4 c5 20. Bf2 b5 21. cxb5
axb5 22. exd6 Qxd6 23. Bxc5 Qd5 24. Bd4 Rec8 25. Qe3 Bf5 26. Bc3 Qd3 27. Qe5
Rxc3 28. Qxc3 Qd5 29. a3 h5 30. Re5 Qd7 31. Rfe1 h4 32. h3 Rc8 33. Qxc8+ Qxc8
34. Re8+ Kg7 35. Rxc8 Bxc8 36. Re5 Bd7 37. Rc5 Kf6 38. Kf2 Ke6 39. g3 hxg3+ 40.
Kxg3 Kd6 41. b4 Bc6 42. Kg4 f6 43. h4 Bd7+ 44. Kg3 Bc6 45. h5 gxh5 46. Rxh5 Bd5
47. Kf2 Bc4 48. Ke3 Ke6 49. Kd4 Kd6 50. Rh6 Ke6 51. a4 Kf5 52. axb5 Bxb5 53.
Rh5+ 1-0

[Event "Titled Tue 1st Jul Late"]
[Site "chess.com INT"]
[Date "2025.07.01"]
[Round "1"]
[White "Veiga, Jose Francisco R P Neves"]
[Black "Toktomushev, Teimur"]
[Result "0-1"]
[WhiteTitle "IM"]
[BlackTitle "FM"]
[WhiteElo "2390"]
[BlackElo "2390"]
[WhiteFideId "1930087"]
[BlackFideId "14176726"]
[EventDate "2025.07.01"]

1. e4 c5 2. Nf3 e6 3. d4 cxd4 4. Nxd4 a6 5. c4 Nf6 6. Nc3 Qc7 7. a3 b6 8. Bd3
Bb7 9. O-O Bc5 10. Be3 Nc6 11. Nc2 O-O 12. Rc1 Rac8 13. f4 d6 14. b4 Bxe3+ 15.
Nxe3 Nd4 16. f5 Rfe8 17. Ng4 Qe7 18. e5 dxe5 19. fxe6 Qxe6 20. Nxf6+ gxf6 21.
Ne4 f5 22. Ng5 Qg6 23. h4 h6 24. Qd2 hxg5 25. hxg5 Rcd8 26. Qf2 e4 27. Bb1 Qxg5
28. Rce1 e3 0-1

[Event "Titled Tue 1st Jul Late"]
[Site "chess.com INT"]
[Date "2025.07.01"]
[Round "1"]
[White "Marcziter, Dmitrii"]
[Black "Goryachkina, Aleksandra"]
[Result "0-1"]
[WhiteTitle "FM"]
[BlackTitle "GM"]
[WhiteElo "2208"]
[BlackElo "2533"]
[WhiteFideId "13900765"]
[BlackFideId "4147103"]
[EventDate "2025.07.01"]

1. e4 c5 2. Nf3 d6 3. Bb5+ Bd7 4. Bxd7+ Nxd7 5. c4 e5 6. Nc3 Ne7 7. d3 Ng6 8.
O-O Be7 9. g3 O-O 10. h4 Nf6 11. Nh2 Re8 12. h5 Nf8 13. h6 g6 14. Bg5 Nxe4 15.
Bxe7 Nxc3 16. Bxd8 Nxd1 17. Bc7 Nxb2 18. Bxd6 Nxd3 19. Rfd1 e4 20. Ng4 Re6 21.
Bc7 b6 22. Ne3 Rc8 23. Nd5 Nd7 24. f3 f5 25. fxe4 fxe4 26. Bd6 Kh8 27. Be7 Nb4
28. Bg5 Nxd5 29. Rxd5 Ne5 30. Kg2 Nf3 31. Bc1 g5 32. Bb2+ Kg8 33. Rd7 Rxh6 34.
Rh1 Rxh1 35. Kxh1 Re8 36. Rg7+ Kf8 37. Rxh7 e3 38. Kg2 e2 39. Rh8+ Kf7 40. Rxe8
Kxe8 41. Bc3 e1=Q 42. Bxe1 Nxe1+ 43. Kh3 Kf7 44. Kg4 Kf6 45. a4 Nd3 46. Kf3 Ne5+
47. Ke4 Nxc4 48. Kd5 Nb2 49. a5 c4 50. a6 c3 51. Kc6 c2 52. Kb7 c1=Q 53. Kxa7
Qc6 54. Kb8 b5 55. a7 Qb6+ 56. Ka8 Qxa7+ 57. Kxa7 b4 58. g4 Nd3 59. Ka6 b3 60.
Ka5 b2 61. Ka4 b1=Q 62. Ka3 Qb2+ 63. Ka4 Qb4# 0-1

[Event "Titled Tue 1st Jul Late"]
[Site "chess.com INT"]
[Date "2025.07.01"]
[Round "1"]
[White "Tekeyev, Zaur"]
[Black "Herpai, Jozsef Matyas"]
[Result "1-0"]
[WhiteTitle "IM"]
[BlackTitle "CM"]
[WhiteElo "2407"]
[BlackElo "2056"]
[WhiteFideId "4199731"]
[BlackFideId "786179"]
[EventDate "2025.07.01"]

1. e4 c5 2. Nf3 e6 3. c3 Nf6 4. e5 Nd5 5. g3 d6 6. exd6 Qxd6 7. Bg2 Nc6 8. O-O
Be7 9. d4 O-O 10. dxc5 Qxc5 11. Nbd2 Nf6 12. Nb3 Qh5 13. Nfd4 Qxd1 14. Rxd1 Nxd4
15. Nxd4 e5 16. Nb3 Bg4 17. Re1 Rad8 18. Bxb7 Rd7 19. Bc6 Rd6 20. Bg2 Rfd8 21.
Be3 a6 22. Bc5 R6d7 23. h3 Be6 24. Bxe7 Rxe7 25. Rxe5 Red7 26. Nd4 Bc4 27. Rae1
g6 28. Nc6 Rf8 29. g4 Rd2 30. b3 Bb5 31. Ne7+ Kg7 32. c4 Bd7 33. R5e2 Rd3 34.
Re3 Rd2 35. R1e2 Rd1+ 36. Kh2 h5 37. g5 Ne8 38. Nd5 Nd6 39. Re7 Bf5 40. Ne3 Rd3
41. c5 Nb5 42. Nxf5+ gxf5 43. c6 Rc3 44. Rd2 Kg6 45. a4 Na3 46. h4 Rxb3 47. Rd6+
f6 48. c7 Rc3 49. Bb7 Nc2 50. c8=Q Rfxc8 51. Bxc8 1-0

[Event "Titled Tue 1st Jul Late"]
[Site "chess.com INT"]
[Date "2025.07.01"]
[Round "1"]
[White "Antoniou, Rafail"]
[Black "Albertini, Luca"]
[Result "0-1"]
[WhiteTitle "CM"]
[WhiteElo "2134"]
[BlackElo "2131"]
[WhiteFideId "5904390"]
[BlackFideId "847038"]
[EventDate "2025.07.01"]

1. d4 d5 2. c4 e6 3. cxd5 exd5 4. Nc3 Nf6 5. Bg5 c6 6. e3 Bb4 7. Bd3 O-O 8. Ne2
Re8 9. O-O Nbd7 10. a3 Bd6 11. Bf4 Nf8 12. b4 Ng6 13. Bxd6 Qxd6 14. Bxg6 hxg6
15. Qb3 Ne4 16. Ng3 Nd2 17. Qc2 Nxf1 18. Rxf1 a5 19. Qb2 axb4 20. axb4 Bf5 21.
Nxf5 gxf5 22. g3 g6 23. b5 Kg7 24. Rb1 Rh8 25. Ne2 Qa3 26. Qc2 Qa4 27. Qxa4 Rxa4
28. bxc6 bxc6 29. Rc1 Rc8 30. Nf4 Rc4 31. Rb1 c5 32. dxc5 R4xc5 33. Rb7 R8c7 34.
Rxc7 Rxc7 35. Nxd5 Rc2 36. Kg2 Rd2 37. Nf4 g5 38. Nh3 Kf6 39. Ng1 g4 40. Kf1
Rd1+ 41. Kg2 Re1 42. h3 Ke5 43. h4 Kf6 44. Kh2 Ke5 45. Kg2 Ke4 46. Kh2 Kd3 47.
Kg2 Ra1 48. Kh2 Kd2 49. h5 Ke1 50. h6 Ra6 51. Kg2 Rxh6 52. f3 Ra6 53. e4 Ra2+
54. Kh1 Kf2 55. exf5 Ra1 0-1

[Event "Titled Tue 1st Jul Late"]
[Site "chess.com INT"]
[Date "2025.07.01"]
[Round "1"]
[White "Svane, Frederik"]
[Black "Kochetkov, German"]
[Result "1-0"]
[WhiteTitle "GM"]
[BlackTitle "IM"]
[WhiteElo "2667"]
[BlackElo "2277"]
[WhiteFideId "12923044"]
[BlackFideId "13500635"]
[EventDate "2025.07.01"]

1. e4 e5 2. Nf3 d6 3. d4 exd4 4. Nxd4 Nf6 5. Bd3 Be7 6. O-O O-O 7. c4 Na6 8. Nc3
Nc5 9. Bc2 Re8 10. h3 Bf8 11. Re1 c6 12. b3 g6 13. Bf4 Bg7 14. Qd2 Nh5 15. Bg5
Qa5 16. Be3 Ne6 17. Rad1 Nxd4 18. Bxd4 Bxd4 19. Qxd4 Be6 20. Re3 Rad8 21. Kh2
Qe5+ 22. g3 Qxd4 23. Rxd4 Kf8 24. Bd1 Nf6 25. f4 h5 26. Bf3 Ke7 27. Rd2 Bc8 28.
Red3 Rh8 29. h4 Ng4+ 30. Kg2 Rhe8 31. Bxg4 1-0

[Event "Titled Tue 1st Jul Late"]
[Site "chess.com INT"]
[Date "2025.07.01"]
[Round "1"]
[White "Oksendal, Martin"]
[Black "Borges, Wagner da Silva"]
[Result "1-0"]
[WhiteTitle "FM"]
[BlackTitle "CM"]
[WhiteElo "2235"]
[BlackElo "2062"]
[WhiteFideId "1554107"]
[BlackFideId "2100401"]
[EventDate "2025.07.01"]

1. e4 e6 2. d4 d5 3. Nd2 c5 4. exd5 exd5 5. Ngf3 Nc6 6. Bb5 Nf6 7. O-O Be7 8.
dxc5 Bxc5 9. Nb3 Be7 10. h3 O-O 11. Re1 Re8 12. Bg5 Bf5 13. Nbd4 Bd7 14. Bd3 h6
15. Be3 Bf8 16. c3 Qc8 17. Qc2 a6 18. Bf5 Bxf5 19. Qxf5 Qxf5 20. Nxf5 Rac8 21.
Rad1 Kh7 22. N5d4 Ne4 23. Nd2 Nxd2 24. Rxd2 Ne5 25. Rdd1 Nc4 26. Bc1 g6 27. Nc2
Re6 28. Ne3 Nxe3 29. Bxe3 Rd8 30. Rd3 Bd6 31. Red1 Bc7 32. Rxd5 Rxd5 33. Rxd5
Re7 34. Kf1 f5 35. Bd4 Kg8 36. c4 Kf7 37. Bc3 Ke6 38. Rd3 Kf7 39. b3 Bf4 40. Bb4
Rc7 41. g3 Bg5 42. h4 Be7 43. Bd2 Bf6 44. Bxh6 b5 45. cxb5 axb5 46. Bf4 Rc2 47.
Rd2 Rc1+ 48. Kg2 Ra1 49. Be3 Ke6 50. Rc2 Be5 51. Rc6+ 1-0

[Event "Titled Tue 1st Jul Late"]
[Site "chess.com INT"]
[Date "2025.07.01"]
[Round "1"]
[White "Mata Gonzalez, Jose Fernando"]
[Black "Assylov, Miras"]
[Result "0-1"]
[WhiteTitle "CM"]
[BlackTitle "FM"]
[WhiteElo "2164"]
[BlackElo "2319"]
[WhiteFideId "5107423"]
[BlackFideId "13728873"]
[EventDate "2025.07.01"]

1. e4 Nc6 2. d4 d5 3. e5 Bf5 4. c3 e6 5. Bd3 Nge7 6. Ne2 Qd7 7. O-O f6 8. f4
O-O-O 9. a4 Bxd3 10. Qxd3 Nf5 11. b4 Be7 12. a5 Rdf8 13. b5 Nd8 14. Ba3 fxe5 15.
fxe5 Nf7 16. Bxe7 Qxe7 17. Nd2 Ng5 18. Nf4 Nh4 19. Qg3 Ne4 20. Nxe4 dxe4 21. d5
Nf5 22. Qh3 exd5 23. Kh1 Qxe5 24. Rad1 g6 25. Nxd5 Kb8 26. b6 c6 27. Nc7 Rd8 28.
g4 Ne7 29. Qh4 g5 30. Qh6 Nc8 31. Rxd8 Rxd8 32. Qxh7 axb6 33. axb6 Nxb6 34. Na6+
bxa6 35. Rb1 Qc7 36. Qxe4 Ka7 37. Qe3 Rd5 38. c4 Re5 39. Qd4 c5 40. Qf2 Qc6+ 41.
Kg1 Qe4 0-1

[Event "Titled Tue 1st Jul Late"]
[Site "chess.com INT"]
[Date "2025.07.01"]
[Round "1"]
[White "Williams, Justus"]
[Black "Ivashentseva, Dominika"]
[Result "1-0"]
[WhiteTitle "IM"]
[BlackTitle "WCM"]
[WhiteElo "2355"]
[BlackElo "1969"]
[WhiteFideId "2049929"]
[BlackFideId "34331050"]
[EventDate "2025.07.01"]

1. e4 c5 2. c3 Nf6 3. e5 Nd5 4. a3 Nc6 5. Nf3 d6 6. exd6 exd6 7. d4 cxd4 8. Nxd4
Nxd4 9. Qxd4 Be6 10. Bb5+ Ke7 11. O-O a6 12. Bc4 Nf6 13. Re1 Qd7 14. Bg5 h6 15.
Bh4 g5 16. Bg3 Bg7 17. Nd2 Rhc8 18. Bxe6 fxe6 19. Ne4 d5 20. Nc5 Rxc5 21. Qxc5+
Kf7 22. Qc7 Qxc7 23. Bxc7 Rc8 24. Be5 Ne4 25. Bxg7 Kxg7 26. f3 Nc5 27. b4 Nb3
28. Rad1 Kf6 29. Rd3 a5 30. a4 Rc4 31. Rb1 b5 32. Rxb3 bxa4 33. Ra3 axb4 34.
cxb4 Rxb4 35. Rd2 d4 36. Rda2 e5 37. Rxa4 Rb1+ 38. Kf2 Kf5 39. Ra5 d3 40. Rd2
Rh1 41. Kg3 h5 42. Rxd3 h4+ 43. Kh3 Kf4 44. Ra4+ Kf5 45. Re3 Kg6 46. Rxe5 Kh5
47. Rxh4+ Kg6 48. Rg4 Kh6 49. Rexg5 Rb1 50. f4 Rb3+ 51. g3 Rxg3+ 52. hxg3 Kh7
53. Rh4# 1-0

[Event "Titled Tue 1st Jul Late"]
[Site "chess.com INT"]
[Date "2025.07.01"]
[Round "1"]
[White "Storey, Charles H"]
[Black "Krishnan, Varun"]
[Result "0-1"]
[WhiteTitle "FM"]
[BlackTitle "IM"]
[WhiteElo "2102"]
[BlackElo "2370"]
[WhiteFideId "406686"]
[BlackFideId "5054508"]
[EventDate "2025.07.01"]

1. c4 e6 2. g3 d5 3. Bg2 Nf6 4. Nf3 Be7 5. O-O O-O 6. Qc2 c5 7. e3 Nc6 8. cxd5
exd5 9. a3 Re8 10. d4 cxd4 11. exd4 Bg4 12. Be3 Rc8 13. Nc3 Ne4 14. Nxe4 Nxd4
15. Qd1 Nxf3+ 16. Bxf3 Bxf3 17. Qxf3 dxe4 18. Qxe4 Bc5 19. Qxb7 Rb8 20. Qxb8
Qxb8 21. Bxc5 a5 22. b4 a4 23. Rfe1 f6 24. Rad1 Rxe1+ 25. Rxe1 Qb5 26. Re3 h5
27. h4 Kf7 28. Kg2 g5 29. hxg5 fxg5 30. Re5 Qc6+ 31. Kh2 Kg6 32. Be3 Qc3 33.
Rxg5+ Kf7 34. Rxh5 Qxa3 35. g4 Qxb4 36. g5 a3 37. Rh7+ Kg8 38. g6 a2 39. Bh6
Qd6+ 40. Kh3 Qxg6 0-1